| 000 | 00606nam a22001817a 4500 | ||
|---|---|---|---|
| 005 | 20151102151822.0 | ||
| 010 | _aENG-113724 | ||
| 020 |
_a9789383946013 _c240.00 |
||
| 035 | _aEN- 97256 | ||
| 037 | _bDBAD/PUB | ||
| 082 | _a380.103 | ||
| 245 |
_aNucleus commerce terminology : _cedited & compiled by Anoop Jain _benhance your subjective word power / |
||
| 260 |
_aGreater Noida _bNucieus Books & Encyclopedia _c2015 |
||
| 270 |
_aOffice Add. 2nd Floor, B-31, Packet P3 _bGreater Noida _e201308 |
||
| 300 |
_a200p. _c21cm(pbk) |
||
| 700 | _aJain, Anoop | ||
| 942 |
_2ddc _cEN _mNUC _h380.103 |
||
| 999 |
_c95319 _d95319 |
||